Vývoj životních cyklů maloobchodních jednotek v českých zemích
Problematika životných cyklov maloobchodných jednotiek v Českej republike v kontexte svetového vývoja. Maloobchodná sieť za prvej republiky. Maloobchodná sieť v období centrálne plánovanej ekonomiky. Obdobie transformácie.
Salvato in:
| Autore principale: | |
|---|---|
| Natura: | Capitolo di libro |
| Lingua: | ceco |
| Soggetti: | |
| Tags: |
Nessun Tag, puoi essere il primo ad aggiungerne!!
|
MARC
| LEADER | 00000naa$a2200000$$$4500 | ||
|---|---|---|---|
| 001 | 0050901 | ||
| 005 | 20231017070158.5 | ||
| 041 | 0 | |a cze | |
| 044 | |a CZ | ||
| 245 | 1 | 0 | |a Vývoj životních cyklů maloobchodních jednotek v českých zemích |c Halina Starzyczná |
| 520 | |a Problematika životných cyklov maloobchodných jednotiek v Českej republike v kontexte svetového vývoja. Maloobchodná sieť za prvej republiky. Maloobchodná sieť v období centrálne plánovanej ekonomiky. Obdobie transformácie. | ||
| 610 | 2 | 0 | |a maloobchod |
| 610 | 2 | 0 | |a siete maloobchodné |
| 610 | 2 | 0 | |a Česko |
| 610 | 2 | 0 | |a história |
| 610 | 2 | 0 | |a cykly obchodné |
| 100 | 1 | |a Starzyczná, Halina | |